|
|
|
|
| LEADER |
01465cam a2200361 a 4500 |
| 001 |
c000392930 |
| 003 |
CARM |
| 005 |
20130213134834.0 |
| 008 |
130213s1983 wea b 000 0 eng d |
| 019 |
1 |
|
|a 3130173
|z 27545875
|5 LACONCORD2021
|
| 020 |
|
|
|a 0909313261
|
| 020 |
|
|
|a 0909313253
|
| 035 |
|
|
|a (OCoLC)220355689
|5 LACONCORD2021
|
| 040 |
|
|
|a WLB
|b eng
|c WLB
|d ANL
|
| 042 |
|
|
|a anuc
|
| 043 |
|
|
|a u-at-we
|
| 082 |
1 |
4 |
|a 363.62099411
|2 19
|
| 100 |
1 |
|
|a Becker, Tony.
|
| 245 |
1 |
2 |
|a A discussion paper on the energy problems of low income households /
|c by Tony Becker and Dena Garratt.
|
| 260 |
|
|
|a Perth, W.A. :
|b Friends of the Earth (Perth, Western Australia),
|c 1983.
|
| 300 |
|
|
|a [4], 10 p. ;
|c 30 cm.
|
| 490 |
1 |
|
|a Research & discussion papers ;
|v no. 1/83
|
| 504 |
|
|
|a Bibliography: p. [11-12]
|
| 650 |
|
0 |
|a Poor
|z Western Australia
|z Perth Metropolitan Area
|x Energy assistance.
|
| 650 |
|
0 |
|a Fuel
|x Prices
|z Western Australia
|z Perth Metropolitan Area.
|
| 700 |
1 |
|
|a Garratt, Dena.
|
| 710 |
2 |
|
|a Friends of the Earth (Perth, W.A.)
|
| 852 |
8 |
|
|b CARM
|p 0589570
|f BK
|
| 852 |
8 |
|
|b SCAN
|h A3:AG30C0
|i F08357
|p 0589570
|f BK
|
| 830 |
|
0 |
|a Research & discussion papers (Friends of the Earth (Perth, W.A.)) ;
|v no. 1/83.
|
| 999 |
f |
f |
|i 6be397da-fb9a-5b1a-a5e3-05d59a59921f
|s ee683ac6-ca19-5321-9c34-ec1a737aa8a4
|
| 952 |
f |
f |
|p Can circulate
|a CAVAL
|b CAVAL
|c CAVAL
|d CARM 1 Store
|i book
|m 0589570
|
| 952 |
f |
f |
|a CAVAL
|b CAVAL
|c CAVAL
|d Unmapped Location
|e F08357
|f A3:AG30C0
|h Other scheme
|